00428nam a2200169 a 450000100060000000300090000600800410001502000150005604000280007108200190009910000180011824500140013626000370015030000080018749000350019565000280023013884CO-ViMGA141112s2004 ck r 000 u spa d a8484030571 aCO-ViMGAbspacCO-ViMGA04a796.8159 P373k1 aPerez, Adolfo10aKung - fu aMadrid : bEdimat Libros, c1998 a290 aLibro de Oro : artes marciales14aKUNG FU ARTES MARCIALES